000 00991nam a22003377a 4500
001 051
003 DO-SdBNP
005 20180219151004.0
007 051
008 151005b 1991 sp a 00| 0 spa d
020 _a8434814544
040 _aBPMSU
_bspa
_cBPMSU
092 _aXXXX
_bXXXX
100 1 _aBurton, Hester
240 1 0 _aFive august days /
_f1984
245 1 0 _aCinco días de agosto /
_cHester Burton ; ilustración Arcadio Lobato ; traducción Guillermo Solana ; colección dirigida por Marinella Terzi
250 _a8a. ed.
260 _aMadrid :
_bEdiciones SM,
_c1991.
300 _a193 p. :
_bil. ;
_c19 cm.
490 1 _aEl barco de vapor
_v7
521 1 _aA partir de los 12 años
700 1 2 _aLobato, Arcadio
_eil.
700 1 2 _aSolana, Guillermo
_etrad.
700 1 2 _aTerzi, Marinella
_edir.
830 0 _aBarco de vapor
_n7
_gRoja
830 0 _aRoja
910 _a202
942 _2ddc
_cBK
945 _aInventariado, 2018/ YL
956 _aYLOCKWARD
_b10
_cBPMSU
999 _c8428
_d8428